000
00339nam a2200133Ia 4500
008
230818s1996 xx 000 0 und d
041
_a
eng
100
_a
Morrison
245
_a
Hospitality & Travel Marketing
260
_b
Delmar pub.
_c
1996
300
_a
567p
520
_a
Hard Board | Reference Copy
999
_c
854570
_d
854570
650
_a
Hospitatity & Tourism